Statistics for Current communist countries

Click here to take the quiz!

General Stats

  • This quiz has been taken 116 times
  • The average score is 4 of 5

Answer Stats

HintAnswer% Correct
North Korea
98%
Cuba
94%
China
89%
Vietnam
87%
Laos
73%

Score Distribution

Percentile by Number Answered

Percent of People with Each Score

Your Score History

You have not taken this quiz